SIC - index prírastky zahraničnej knižnej literatúry spracované systémom MINSK-ARDIS

Bibliographic Details
Other Authors: Kimlička, Štefan, 1943-2006 (Compiler)
Format: Serial
Language:Slovak
PhysicalDescription:zv.
Published: Bratislava Slovenská technická knižnica [1970]
Subjects:

MARC

LEADER 00000cas a2200000 a 4500
001 vtls001402212
003 SK-MaSNL
005 20260228160137.0
008 180129d197019uuxo ar 0 0b0slo
035 |a SNK000356744 
040 |a SNK  |b slo  |c SNK  |e AACR2 
041 0 |a slo 
043 |a e-xo--- 
044 |a xo  |c SK 
072 7 |a 821  |x Literatúry v rôznych jazykoch  |2 konspekt 
072 7 |a 007  |x Teória systémov. Automatické systémy. Kybernetika. Informačné systémy  |2 konspekt 
080 |a 821-027.63  |2 2011 
080 |a 050  |2 2011 
080 |a 026/027  |2 2011 
080 |a 007+004  |2 2011 
245 0 0 |a SIC - index  |b prírastky zahraničnej knižnej literatúry spracované systémom MINSK-ARDIS 
260 |a Bratislava  |b Slovenská technická knižnica  |c [1970] 
300 |a zv. 
610 2 7 |a Slovenská technická knižnica  |2 SNKKA  |9 84849 
650 0 7 |a zahraničná literatúra  |2 SNKPH  |9 75367 
650 0 7 |a informačné systémy  |2 SNKPH  |9 1128 
700 1 |a Kimlička, Štefan,  |d 1943-2006  |4 com  |9 264216 
910 |a snk 
999 |c 1669  |d 3599 
952 |0 0  |1 0  |4 0  |7 0  |8 1  |a SNK  |b SNK  |d 2002-03-05  |i snkD 144/2002  |l 0  |o snkČSC 1992/A/1970  |p 17A0334222  |r 2005-01-02 00:00:00  |w 2026-02-21  |y PREZ